Grupos de Cuatro - Estadísticas

Estadísticas generales
  • Esta prueba ha sido intentada 443 veces
  • La puntuación promedio es 24 de 36
Estadísticas de respuestas
Respuesta % Correcto
Francia
92%
Guinea
91%
Finlandia
89%
Fémur
87%
Guinea Ecuatorial
87%
Escocia
82%
Inglaterra
81%
Roma
78%
Gales
77%
Tibia
75%
Uzbekistán
75%
Guinea Bissau
74%
Irlanda del Norte
74%
Donatello
70%
Peroné
70%
Papúa Nueva Guinea
68%
Uganda
68%
Trinidad y Tobago
67%
Antigua y Barbuda
63%
Fiyi
63%
Raphael
62%
Filipinas
61%
Leonardo
61%
Uruguay
61%
Albania
60%
Oslo
60%
Ucrania
59%
Húmero
56%
Riga
54%
Michelangelo
51%
San Vicente y las Granadinas
49%
San Cristóbal y Nieves
46%
Kiev
42%
Serbia
40%
Montenegro
39%
Moldavia
29%
No se encontraron pruebas coincidentes
Distribución de puntuación
Porcentaje de gente con cada puntuación
Porcentaje por número respondido
Historial de tus puntuaciones
No has intentado esta prueba.